| 000 | 00808nam a22002175i 4500 | ||
|---|---|---|---|
| 001 | 158204 | ||
| 003 | ES-MaACL | ||
| 005 | 20230906211044.0 | ||
| 008 | 040824s1842 fr |||| | grcod | ||
| 040 |
_aCAM _bspa _cCAM |
||
| 080 | _a821.14-82"01" | ||
| 100 | 0 |
_aLuciano de Samosata. _974580 |
|
| 245 | 1 | 0 |
_aLoukianou tou samosateos ta sazomena _b: = Luciani Samosatensis Opera / _cex recensione Guilielmi Dindorfii graece et latine cum indicibus. |
| 250 | _aEditio altera emendatior. | ||
| 260 |
_aParisiis : _bEditore Ambrosio Firmin Didot, _c1842 ( _fExcudebant Firmin Didot fratres) |
||
| 300 |
_aVIII, 851 p. ; _c26 cm. |
||
| 597 | _aTexto a dos col. en griego y latÃn. | ||
| 700 | 1 |
_aDindorf, Wilhelm ( _d1802-1883) _9158580 |
|
| 852 |
_aES-MaACL _jB-2442 _z-- Enc. hol. |
||
| 999 |
_c158204 _d158204 |
||